<?xml version="1.0" encoding="UTF-8"?>
<record
    xmlns:xsi="http://www.w3.org/2001/XMLSchema-instance"
    xsi:schemaLocation="http://www.loc.gov/MARC21/slim http://www.loc.gov/standards/marcxml/schema/MARC21slim.xsd"
    xmlns="http://www.loc.gov/MARC21/slim">

  <leader>00390nam a22001457a 4500</leader>
  <controlfield tag="005">20240109102629.0</controlfield>
  <controlfield tag="008">190405b        xxu||||| |||| 00| 0 eng d</controlfield>
  <datafield tag="020" ind1=" " ind2=" ">
    <subfield code="a">978-81-85790-33-6</subfield>
  </datafield>
  <datafield tag="041" ind1=" " ind2=" ">
    <subfield code="a">eng</subfield>
  </datafield>
  <datafield tag="100" ind1=" " ind2=" ">
    <subfield code="a">SHAH, Y. I. ,PARADKAR,DR. A.R AND DHAYAGUDE ,M.G.</subfield>
    <subfield code="9">8277</subfield>
  </datafield>
  <datafield tag="245" ind1=" " ind2=" ">
    <subfield code="a">BIOSTISTICS AND COMPUTER SCIENCE</subfield>
  </datafield>
  <datafield tag="260" ind1=" " ind2=" ">
    <subfield code="a">PUNE</subfield>
    <subfield code="b">NIRALI PRAKASHAN</subfield>
  </datafield>
  <datafield tag="300" ind1=" " ind2=" ">
    <subfield code="a">i.2P,</subfield>
  </datafield>
  <datafield tag="942" ind1=" " ind2=" ">
    <subfield code="c">BK</subfield>
  </datafield>
  <datafield tag="999" ind1=" " ind2=" ">
    <subfield code="c">5817</subfield>
    <subfield code="d">5815</subfield>
  </datafield>
  <datafield tag="952" ind1=" " ind2=" ">
    <subfield code="0">0</subfield>
    <subfield code="1">0</subfield>
    <subfield code="4">0</subfield>
    <subfield code="7">0</subfield>
    <subfield code="8">PHARMACY</subfield>
    <subfield code="a">JRU</subfield>
    <subfield code="b">JRU</subfield>
    <subfield code="c">Shelf - 25- H</subfield>
    <subfield code="d">2019-04-05</subfield>
    <subfield code="e">PURCHESS</subfield>
    <subfield code="g">235.00</subfield>
    <subfield code="l">1</subfield>
    <subfield code="p">22641</subfield>
    <subfield code="r">2026-02-18 06:46:18</subfield>
    <subfield code="s">2026-02-06</subfield>
    <subfield code="w">2019-04-05</subfield>
    <subfield code="y">BK</subfield>
  </datafield>
  <datafield tag="952" ind1=" " ind2=" ">
    <subfield code="0">0</subfield>
    <subfield code="1">0</subfield>
    <subfield code="4">0</subfield>
    <subfield code="7">0</subfield>
    <subfield code="8">PHARMACY</subfield>
    <subfield code="a">JRU</subfield>
    <subfield code="b">JRU</subfield>
    <subfield code="c">Shelf - 25- H</subfield>
    <subfield code="d">2019-04-05</subfield>
    <subfield code="e">PURCHESS</subfield>
    <subfield code="g">235.00</subfield>
    <subfield code="l">2</subfield>
    <subfield code="p">22642</subfield>
    <subfield code="r">2026-02-17 09:09:09</subfield>
    <subfield code="s">2026-02-06</subfield>
    <subfield code="w">2019-04-05</subfield>
    <subfield code="y">BK</subfield>
  </datafield>
  <datafield tag="952" ind1=" " ind2=" ">
    <subfield code="0">0</subfield>
    <subfield code="1">0</subfield>
    <subfield code="4">0</subfield>
    <subfield code="7">0</subfield>
    <subfield code="8">PHARMACY</subfield>
    <subfield code="a">JRU</subfield>
    <subfield code="b">JRU</subfield>
    <subfield code="c">Shelf - 25- H</subfield>
    <subfield code="d">2019-04-05</subfield>
    <subfield code="e">PURCHESS</subfield>
    <subfield code="g">235.00</subfield>
    <subfield code="l">1</subfield>
    <subfield code="p">22643</subfield>
    <subfield code="r">2026-02-10 08:24:45</subfield>
    <subfield code="s">2026-01-27</subfield>
    <subfield code="w">2019-04-05</subfield>
    <subfield code="y">BK</subfield>
  </datafield>
  <datafield tag="952" ind1=" " ind2=" ">
    <subfield code="0">0</subfield>
    <subfield code="1">0</subfield>
    <subfield code="4">0</subfield>
    <subfield code="7">0</subfield>
    <subfield code="8">PHARMACY</subfield>
    <subfield code="a">JRU</subfield>
    <subfield code="b">JRU</subfield>
    <subfield code="c">Shelf - 25- H</subfield>
    <subfield code="d">2019-04-05</subfield>
    <subfield code="e">PURCHESS</subfield>
    <subfield code="g">235.00</subfield>
    <subfield code="l">1</subfield>
    <subfield code="p">22644</subfield>
    <subfield code="r">2026-03-17 06:24:41</subfield>
    <subfield code="s">2026-02-18</subfield>
    <subfield code="w">2019-04-05</subfield>
    <subfield code="y">BK</subfield>
  </datafield>
  <datafield tag="952" ind1=" " ind2=" ">
    <subfield code="0">0</subfield>
    <subfield code="1">0</subfield>
    <subfield code="4">0</subfield>
    <subfield code="7">0</subfield>
    <subfield code="8">REF</subfield>
    <subfield code="a">JRU</subfield>
    <subfield code="b">JRU</subfield>
    <subfield code="c">SHELF-3-E</subfield>
    <subfield code="d">2019-04-05</subfield>
    <subfield code="e">PURCHESS</subfield>
    <subfield code="g">235.00</subfield>
    <subfield code="l">0</subfield>
    <subfield code="p">22645</subfield>
    <subfield code="r">2019-04-05 00:00:00</subfield>
    <subfield code="w">2019-04-05</subfield>
    <subfield code="y">BK</subfield>
  </datafield>
</record>
